|
|
|
|
| LEADER |
00000nam a22000007a 4500 |
| 005 |
20210804231642.0 |
| 007 |
cr|||| |||| |
| 008 |
210804s2019 ca |||||s|||| 00||0 eng d |
| 020 |
|
|
|a 9781552215203
|
| 035 |
|
|
|a 34973
|
| 040 |
|
|
|a vLex
|
| 090 |
|
|
|c 11910
|d 11910
|
| 100 |
1 |
|
|a Quan, Wela
|
| 245 |
1 |
0 |
|a Bankruptcy Law Picture Book
|h [Recurso electrn̤ico] :
|b A Brief Intro to the Law of Bankruptcy, in Pictures /
|c Wela Quan
|
| 256 |
|
|
|a Servicio en ln̕ea
|
| 260 |
|
|
|a Toronto:
|b Irwin Law Inc.,
|c 2019
|
| 300 |
|
|
|a 1 recurso electrn̤ico
|
| 500 |
|
|
|a The Bankruptcy Law Picture Book: A Brief Intro to the Law of Bankruptcy, in Pictures is an illustrated guide that features helpful visual aids and diagrams explaining bankruptcy law.
|
| 506 |
1 |
|
|a Disponible solo en los productos indicados
|d vLex Global
|d vLex Global (Academic Edition, excluding Law Schools)
|d vLex Global (U.S. Academic Edition, Law Schools)
|d vLex Global (U.S. Academic Edition, excluding Law Schools)
|d vLex Global (Academic Edition, Law Schools)
|
| 650 |
0 |
4 |
|a Abogados
|z Canad̀
|
| 650 |
0 |
4 |
|a Derecho Mercantil y de la Empresa
|z Canad̀
|
| 740 |
0 |
|
|a vLex Libros (Servicio en ln̕ea)
|
| 856 |
4 |
0 |
|u https://app.vlex.com/#/sources/34973
|z Acceso restringido
|
| 942 |
|
|
|c BOOK
|
| 999 |
0 |
|
|a Lawyers
|
| 999 |
0 |
|
|a Commercial and Company Law
|